000 01547nam a2200337 i 4500
001 178748
003 ES-MaACL
005 20250514194851.0
008 110614s2009 sp |||| |dspa d
020 _a978-84-9895-034-2
080 _a929:821.134.2"18/19"
080 _a929:821.134.2(7/8)"18/19"
100 1 _aJiménez, Juan Ramón,
_d1881-1958
_966417
245 1 0 _aEspañoles de tres mundos
_b: viejo mundo, nuevo mundo, otro mundo (caricatura lírica), (1914-1940) /
_cJuan Ramón Jiménez ; texto preparado por Javier Blasco y Francisco Díaz de Castro ; ordenación y revisión de Francisco Silvera ; prólogo de José Manuel Caballero Bonald.
246 3 4 _aEspañoles de tres mundos
_b: (1914-1940)
260 _aMadrid :
_bVisor Libros ;
_aHuelva :
_bDiputación de Huelva,
_c[2009]
300 _a395 p. ;
_c20 cm.
490 1 _aObras de Juan Ramón Jiménez ;
_v38
650 7 _aEscritores españoles-
_yS.XIX.
_9145488
650 0 7 _aEscritores españoles-
_yS.XX.
_912391
650 4 _aEscritores hispanoamericanos.
_9158687
700 1 _aBlasco Pascual, Francisco J.
_929398
700 1 _aDíaz de Castro, Francisco J.
_944219
700 1 _aSilvera, Francisco.
_9140762
700 1 _aCaballero Bonald, José Manuel,
_d1926-2021
_9226628
710 1 _aHuelva (Provincia).
_bDiputación Provincial.
_94624
830 0 _aObras de Juan Ramón Jiménez
_v38
_9191022
852 _aES-MaACL
_jA-11276
_9185608
_bR.145606
_cDEPO1
_dOlim: N-4280
942 _2udc
_cMONOGRAFIA
999 _c178748
_d178748